000 00356nam a2200133Ia 4500
008 240624s9999 xx 000 0 und d
041 _aeng
082 _a658.4034 RAR
100 _aRARDIN RONALD L
245 _aOPTIMIZATION IN OPERATIONS RESEARCH
260 _c2005
_aNew Delhi
_bPearson Education
300 _axvi, : 904 : p. : cm. ; 24
365 _cRS
_b33
999 _c4176
_d4176